| 000 | 00865nam a2200241Ia 4500 | ||
|---|---|---|---|
| 001 | 16406 | ||
| 003 | GE_BSU | ||
| 008 | 181216s||||||||xx |||||||||||||| ||und|| | ||
| 020 | _a9780745653778 | ||
| 040 | _cGE_BSU | ||
| 080 | _a327+355 | ||
| 100 | _aDannreuther, Roland | ||
| 245 | _aInternational Security The Contemporary Agenda | ||
| 250 | _a2nd ed | ||
| 260 | _aUSA | ||
| 260 | _bPolity Press, | ||
| 260 | _c2014 | ||
| 300 | _avii, 336 p. : ill., maps ; 25 cm. | ||
| 541 | _h90gel. | ||
| 653 | _aInternational Security is a cutting-edge analysis of the key security challenges and developments in the post-Cold War world. Drawing on a wide range of contemporary examples, from the Iraq war to the rise of China, it is an essential guide for students and policy makers seeking to understand the th | ||
| 653 | _aპოლიტიკა | ||
| 942 | _cBK | ||
| 999 |
_c49482 _d49482 |
||